000 00412 a2200157 4500
005 20250627072444.0
020 _a978-0-07-096955-1
082 _a339 CUR
100 _aCURTIS, D.
245 _aMacroeconomics
250 _a2nd Ed.
260 _aNew York,
_bMcGraw Hill,
_c2010.
300 _axx,421p.; ill.; figure, table, picture
_bGlossary & Index
_c25cm
700 _aIRVINE , I. & BEGG, D.
942 _2ddc
_cBKS
999 _c5522
_d5522